Szabó László Tamás A rejtett tanterv : Gyorsuló Idő sorozat : Budapest, Magvető Kiadó, 1988. : [könyvismertetés] /

Elmentve itt :
Bibliográfiai részletek
Szerző: Faludi Szilárd
További közreműködők: Szabó László Tamás
Dokumentumtípus: Cikk
Megjelent: 1990
Sorozat:Magyar pedagógia : a Magyar Tudományos Akadémia Pedagógiai Bizottságának folyóirata 90 No. 1-2
Kulcsszavak:Oktatás tanterv, Rejtett tanterv, Könyvismertetés
Online Access:http://misc.bibl.u-szeged.hu/13593
LEADER 00827nab a2200193 i 4500
001 misc13593
005 20191106141346.0
008 170607s1990 hu o 0|| hun d
022 |a 0025-0260 
040 |a SZTE Miscellanea Repozitórium  |b hun 
041 |a hun 
100 1 |a Faludi Szilárd 
245 1 0 |a Szabó László Tamás  |h [elektronikus dokumentum] :  |b A rejtett tanterv : Gyorsuló Idő sorozat : Budapest, Magvető Kiadó, 1988. : [könyvismertetés] /  |c  Faludi Szilárd 
260 |c 1990 
300 |a 80-83 
490 0 |a Magyar pedagógia : a Magyar Tudományos Akadémia Pedagógiai Bizottságának folyóirata  |v 90 No. 1-2 
695 |a Oktatás tanterv, Rejtett tanterv, Könyvismertetés 
700 0 1 |a Szabó László Tamás 
856 4 0 |u http://misc.bibl.u-szeged.hu/13593/1/mp_1990_001_002_5989_080-083.pdf  |z Dokumentum-elérés